Introducción a la robótica (Registro nro. 22162)

Detalles MARC
000 -Cabecera
Campo de control interno 00474nam a22002057a 4500
005 - Fecha y hora del registro
control field 20260330174153.0
008 - Elementos de Longitud Fija
fixed length control field 260330b |||||||| |||| 00| 0 spa d
041 ## - Idioma
Codigo Idioma Catalán
082 ## - DEWEY y NOTACIÓN INTERNA
Dewey 629.892
Notación Interna S714
100 ## - AUTOR
Autor denominación Saha, Subir Kumar,
245 ## - TÍTULO DE MATERIAL BIBLIOGRÁFICO
Título Introducción a la robótica
260 ## - CIUDAD, EDITORIAL, AÑO
Ciudad :
Nombre de la Editorial ,
Año 2010
300 ## - DESCRIPCIÓN
N° Páginas 000 páginas :
Otros detalles ;
Dimensiones 00 cm.
440 ## - MENCIÓN DE SERIE
Título de la Serie ;
650 ## - TEMAS
Temas Tecnología (Ciencias Aplicadas)
654 ## - PROGRAMAS
Programa Dpto. de Computación
700 ## - OTROS AUTORES
Otros autores ;
942 ## - ELEMENTOS DE KOHA
Tipo de documento Libro
Nombre del creador Justo Noguera
Código de catalogador Justo Noguera
Suppress in OPAC No
Esquema de clasificación Dewey Decimal Classification
Existencias
Codigo completo Registro Colección Copia número Disponibilidad Tipo de préstamo Biblioteca Actual Procedencia (Biblioteca) Ubicacón Fecha Ingreso Tipo de Adquisición Date last seen Total checkouts Price effective from Tipo de Item Estado del Material Fuente de Clasificación Damaged status Withdrawn status
629.892 S714 1012346 Universidad Católica San Pablo 1 Disponible Disponible Víctor Andrés Belaunde Víctor Andrés Belaunde Segundo piso 30/03/2026 Compra 30/03/2026   30/03/2026 Libro Bueno Dewey Decimal Classification